000 00674nam a2200205Ia 4500
003 GCL
008 140319s9999 xx 000 0 ara d
040 _aGCL /
_cGCL
082 0 4 _a810.9
_bم م
100 1 _aمحمد تيمور
245 1 0 _aمحمد تيمور الاعمال الكاملة - مسرحية ماتراه العيون /
_cمحمد تيمور
700 1 _aثروت اباظة
260 _aالقاهرة :
_bدار الف للنشر ،
_c0
300 _a151 ص ؛
_c24 سم
650 0 4 _aالمسرحيات
650 0 4 _aالفنون المسرحية
650 0 4 _aالتمثيل فى المسرح
650 0 4 _aالاوبريت
942 _2ddc
_cBK
999 _c32919
_d32919